Prima del compimento : romanzo /

সংরক্ষণ করুন:
গ্রন্থ-পঞ্জীর বিবরন
প্রধান লেখক: Tosi, Giuseppe, (1959- )
বিন্যাস: গ্রন্থ
ভাষা:ইতালিয়
প্রকাশিত: Bologna : Fortepiano, 2010
ট্যাগগুলো: ট্যাগ যুক্ত করুন
কোনো ট্যাগ নেই, প্রথমজন হিসাবে ট্যাগ করুন!

MARC

LEADER 00000nam a22000007i 4500
001 IT\ICCU\UBO\3862956
003 ItRI
005 20260115232130.0
008 110603s2010 it |||||| ||||| |||||c
020 |a 9788865540145 
040 |b ita  |c importazione bologna sebina 
041 7 |a ita  |2 ISO-639-2 
100 1 |a Tosi, Giuseppe,  |d  (1959- )  |0 IT\ICCU\UBOV\394095 
245 1 0 |a Prima del compimento :  |b romanzo /  |c Giuseppe Tosi. 
260 |a Bologna :  |b Fortepiano,  |c 2010 
300 |a 308 p. ;  |c 21 cm. 
942 |2 ddc  |c BK  |n 0 
952 |0 0  |1 0  |4 0  |6 DOC_853_920000000000000_TOS  |7 0  |9 20610  |a BO  |b BO  |d 2026-01-15  |i 15214  |l 0  |o DOC 853.92 TOS  |p BO15214  |r 2026-01-15 23:21:30  |w 2026-01-15  |x [Sebina 5] [1 v.]  |y BK  |z 1 v. 
999 |c 17600  |d 17600